000
00204 a2200097 4500
001
19794
100
_a
Beer, F P
245
_a
Vector mechs for Engrs
260
_a
_b
McGraw-Hill
_c
090
_c
14419
_d
14419
942
_a
NUST-CAE
_c
M
_c
4913
999
_c
254867
_d
254867